Elképzelések, tervek, gondok, remények
Elmentve itt :
| Szerző: | |
|---|---|
| Adatforrás: | Meister |
| Forrásdokumentuma: | Művelődés. - 7-8 sz., 1991, 12-14 p. |
| Nyelv: | magyar |
| Kulcsszavak: | művelődési élet intézménytörténet kulturális intézmények Arad Erdélyi Magyar Közművelődési Egyesület (EMKE) |
| LEADER | 00545nab a2200169 i 4500 | ||
|---|---|---|---|
| 001 | bibPRO00002844 | ||
| 008 | 060524s1991 xx hun | ||
| 040 | |a Sz1 | ||
| 041 | |a hun | ||
| 100 | 1 | |a MEZEI József ; KOCSIK József | |
| 245 | 1 | 0 | |a Elképzelések, tervek, gondok, remények |c MEZEI József ; KOCSIK József |
| 695 | |a művelődési élet | ||
| 695 | |a intézménytörténet | ||
| 695 | |a kulturális intézmények | ||
| 695 | |a Arad | ||
| 695 | |a Erdélyi Magyar Közművelődési Egyesület (EMKE) | ||
| 773 | 0 | |t Művelődés. - |g 7-8 sz., 1991, 12-14 p. | |